000 00600cam a22002173a 4500
001 39416
003 PGUSA
005 20140828083857.0
008 120410s2012||||xxu|||||s|||||000 | eng d
040 _aPGUSA
_beng
042 _adc
100 1 _aRothschild, Max
245 1 0 _aGainsborough
_h[electronic resource] /
_cMax Rothschild
260 _bProject Gutenberg,
_c2012
506 _aPublic domain in the USA.
516 _aElectronic text
653 _aGainsborough, Thomas, 1727-1788
830 0 _aProject Gutenberg
_v39416
856 4 0 _uhttp://www.gutenberg.org/ebooks/39416
942 _cEB
999 _c268669
_d268669